000 00724nam a2200229Ia 4500
003 OSt
005 20250425142715.0
008 220927b |||||||| |||| 00| 0 eng d
020 _a9788173093548
037 _cTextual
040 _aSDCL
_cSDCL
_beng
041 _2hin
_ahin
084 _aV2y7M69 P9
100 _aGandhi, Mohandas Karamchand
_9753027
245 0 _aSatya ke prayog athva atma-katha.
246 _aसत्य के प्रयोग अथवा आत्म-कथा
260 _aNew Delhi :
_bSasta sahitye mandal Parkashan,
_c2009.
300 _a496p.
650 _aHindi
_9391598
942 _cTEXL
_2CC
_n0
999 _c736069
_d736069